1076 1384 1475 1785 1865 1965 1909 1396 1044 1055 1071 1464 1724 1168 1413 1237 1201 1852 1436 1281 1451 1735 1462 1829 1294 1414 1280 1901 1067 1570 1502 1970 1429 1381 1457 1166 1908 1268 1032 1876 1982 1693 1167 1265 1662 1716 1642 1869 1507 1937 1911 1873 1005 1188 1238 1365 1353 1481 1652 1755 1581 1479 1155 1295 1596 1626 1335 1325 1640 1378 1577 1096 1802 1450 1323 1768 1675 1128 1594 1492 1655 1697 1617 1331 1535 1133 1452 1041 1807 1708 1696 1035 1723 1200 1587 1506 1811 1233 1223 BCNSPRNW ULIB Ver.6.0+V

เปลี่ยนเป็นภาษาไทย

Change to English
 แสดงรายละเอียดบรรณานุกรม
  กลับหน้าหลัก

Brief Record : Get Marc (ISO 2709) : E-mail record : QR code < ปิดหน้าต่าง
LEADER : 00000nam 2200000uu 4500
001    13399111735
003     ULIB
008    110707s2550||||th 000 0 tha d
020    9789740916833
050  4 DS554.98.P47^bบ541ท 2550
100 0  บุญร่วม เทียมจันทร์
245 10 ไทยแพ้คดีเสียดินแดนให้เขมร :^bคดีเขาพระวิหาร /^cรวบรวมเรียบเรียงโดย บุญร่วม เทียมจันทร์, ประภาส เฉลยมรรค, สรัญญา วิชชาธรรม
250    พิมพ์ครั้งที่ 1
260    กรุงเทพฯ :^bอนิเมทกรุ๊ป,^c2550
300    255 หน้า :^bภาพประกอบ ;^c21 ซม.
650  4 เขาพระวิหาร
650  4 ปราสาทเพระวิหาร
651  7 ไทย^xเขตแดน^zกัมพูชา
651  7 ไทย^xเขตแดน^xปัญหาและข้อพิพาท
700 0  ประภาส เฉลยมรรค
700 0  สรัญญา วิชชาธรรม
945    ^p170^l0^i025140
995    ทศพร
999 ^a ใช้งานได้ทุกระบบ
รายการนี้ยังไม่มีแท็ก
คุณยังไม่ได้ล็อกอิน คุณสามารถมีกิจกรรมร่วมกับเว็บไซต์ได้ แต่ต้องล็อกอินก่อน ::
  ล็อกอิน

รายการสื่อสารสนเทศ

ลำดับที่ ประเภท เลขเรียก/บาร์โค้ด สถานที่ สถานะ
- ไม่พบข้อมูล -

รายการใกล้เคียง
    ผู้แต่ง [บุญร่วม เทียมจันทร์]

    หัวเรื่อง [เขาพระวิหาร]
    หัวเรื่อง [ปราสาทเพระวิหาร]

BibComment


ยังไม่เคยถูกคอมเมนท์

คอมเมนท์ทรัพยากรรายการนี้
  คอมเมนท์: ไทยแพ้คดีเสียดินแ..


 Copyright 2026. Bcnsprnw @Library